| 000 | 00615nam a2200205 a 4500 | ||
|---|---|---|---|
| 005 | 20240802063644.0 | ||
| 008 | 090618s2000 es r 000 0 spa d | ||
| 020 | _a8470398776 | ||
| 035 | _aUPN01000171253 | ||
| 049 | _aCG | ||
| 050 | 4 |
_aPQ6041 _bC8.3 |
|
| 245 | 0 | 0 |
_aCuentos : _b(1940-1960) / _cFrancisco Ayala ... [et al.]. |
| 260 |
_aMadrid : _bCastalia, _c2000. |
||
| 300 |
_a131 p. : _bil. |
||
| 440 | 0 |
_aCastalia prima ; _v10 |
|
| 650 | 4 |
_aLiteratura española _xHistoria y crítica _98085 |
|
| 650 | 0 |
_aCuentos españoles _912796 |
|
| 700 | 1 |
_aAyala, Francisco, _d1906-2009 _ecoaut. _928869 |
|
| 905 | _aLibro | ||
| 999 |
_c143358 _d143358 |
||